Drapeaux des paroisses d'Andorre - Statistiques

Statistiques générales
  • Ce quiz a été pris 7 fois
  • Le résultat moyen est 5 sur 7
Statistiques - réponses
Par images Réponse % Correct
Andorre-la-Vieille
100%
Ordino
86%
Canillo
71%
Encamp
71%
Escaldes-Engordany
71%
La Massana
71%
Sant Julià de Lòria
57%
Aucun quiz correspondant
Distribution des résultats
% des personnes avec chaque résultat
Percentile par nombre de réponses
Votre historique - résultats
Vous n’avez pas pris ce quiz